Astronomy and astrophysics abstracts (Record no. 12464)

MARC details
000 -LEADER
fixed length control field 00505nam a2200157Ia 4500
003 - CONTROL NUMBER IDENTIFIER
control field IN-BaIIA
008 - FIXED-LENGTH DATA ELEMENTS--GENERAL INFORMATION
fixed length control field 211028s9999 xx 000 0 eng d
040 ## - CATALOGING SOURCE
Transcribing agency IIA Library
080 ## - UNIVERSAL DECIMAL CLASSIFICATION NUMBER
Universal Decimal Classification number 048.1:52
Item number AAA-67B
245 #0 - TITLE STATEMENT
Title Astronomy and astrophysics abstracts
Remainder of title vol. 67B
Statement of responsibility, etc. edited by Burkhardt, G.
260 ## - PUBLICATION, DISTRIBUTION, ETC.
Place of publication, distribution, etc. Berlin
Name of publisher, distributor, etc. Springer-Verlag
Date of publication, distribution, etc. 1998
300 ## - PHYSICAL DESCRIPTION
Extent viii, 949-1739p.
650 ## - SUBJECT ADDED ENTRY--TOPICAL TERM
Topical term or geographic name entry element Abstracts-Astronomy and Astrophysics
9 (RLIN) 6051
700 ## - ADDED ENTRY--PERSONAL NAME
Personal name Burkhardt, G., ed.
942 ## - ADDED ENTRY ELEMENTS (KOHA)
Koha item type Books
Holdings
Withdrawn status Lost status Source of classification or shelving scheme Damaged status Not for loan Home library Current library Shelving location Date acquired Cost, normal purchase price Total Checkouts Full call number Barcode Date last seen Cost, replacement price Price effective from Koha item type Purchase Price
    Dewey Decimal Classification     IIA Library-Bangalore IIA Library-Bangalore General Stacks 04/04/1998 10404.00   048.1:52/ AAA-67B 13380 05/11/2021 10404.00 04/04/1998 Books Rs. 10404/ 2 vols. set

Powered by Koha